01185cam a22003251a 4500999001500000003000900015005001700024008004100041020002200082020001800104040004300122082001900165100002900184245012900213250001900342264006000361264001100421300003000432336002600462337002800488338002700516504005100543590001700594650003600611653002600647655001700673700003600690942002400726952010900750 c3330d3330EG-ScBUE20200109120959.0190729t2000 mau f b 001 0 eng d a0395980704 (pbk.) a9780395980705 aEG-ScBUEbengerdacEG-ScBUEdEG-ScBUE04a808.8bLAN2221 aLandy, Alice S,eauthor.14aThe Health introduction to literature /cAlice Landy, William Rodney Allen, Louisiana School for Math, Science and The Arts. aSixth edition. 1aBoston ;aNew York :bHoughton Mifflin Company,c[2000] 4cc 2000 axiii, 1009 pages ;c24 cm 2rdacontentatextbtxt 2rdamediaaunmediatedbn 2rdacarrieravolumebnc aIncludes bibliographical references and index. amahmoud sami 7aLiteraturevCollections.2BUEsh bHHUUEENNcJanuary2020 vReading book1 aAllen, William Rodney,eauthor. cBBk808.8L23992ddc 00102ddc4070aMAINbMAINc2NDd2007-07-03ePurchasel0o808.8 HEAp000030534r2025-07-15 00:00:00yBB